| 000 | 00881cam a2200265 a 4500 | ||
|---|---|---|---|
| 001 | 000015743 | ||
| 005 | 20200929164134.0 | ||
| 008 | 031231s2003 ck b 001 0 spa | ||
| 010 | _a2004394015 | ||
| 020 | _a9583349828 | ||
| 040 |
_aDO-SdBNP _bspa _cBNPHU |
||
| 082 |
_a016.862 _bL241b |
||
| 100 | 1 |
_aLamus Obregón, Marina. _99023 |
|
| 245 | 1 | 0 |
_aBibliografía anotada del teatro colombiano / _cMarina Lamus Obregón. |
| 246 | 1 | 8 | _aTeatro colombiano, bibliografía anotado |
| 246 | 3 | _aBibliografía anotada | |
| 246 | 3 | _aPáginas de teatro colombiana | |
| 260 |
_aBogotá : _bCirculo de Lectura Alternativa, _cc2003. |
||
| 300 |
_a632 p. ; _c24 cm. |
||
| 490 | 1 | _aReferencia | |
| 504 | _aIncluye referencias bibliográficas (p. 631-632) | ||
| 504 | _aIncluye índice | ||
| 650 | 4 |
_aBibliografía _xColombia _935420 |
|
| 650 | 4 |
_aTeatro colombiano _xBibliografía _935421 |
|
| 999 |
_c15293 _d15293 |
||